00522cam a22001937a 4500003000500000005001700005008004100022010001000063011001000073035001000083040000900093082001800102100003200120245006100152260005700213300001100270650001300281650003400294CHAP20220906114948.0971013s1969 r 00010 d a44697 a45669 a49808 cCHAP a338.17475bS300aSalas Villagómez, Manuel.13aLa fresa y el desarrollo agrícola de la zona de Zamora aMéxico. D.F. :bBanco Nacional Agropecuario,c1969 a127 h.17aFresas214aFresaxAspectos económicos.